书目信息 |
| 题名: |
数字城市三维地理空间框架原理与方法
|
|
| 作者: | 李成名 编著 | |
| 分册: | ||
| 出版信息: | 北京 科学出版社 2008.01 |
|
| 页数: | 223页 | |
| 开本: | 20cm | |
| 丛书名: | ||
| 单 册: | ||
| 中图分类: | TU984 | |
| 科图分类: | ||
| 主题词: | 城市规划 | |
| 电子资源: | ||
| ISBN: | 978-7-03-020408-0 | |
| 000 | 00608nam0 2200217 45 | |
| 001 | 0947418141 | |
| 005 | 20091101131113.21 | |
| 010 | @a978-7-03-020408-0@dCNY55.00 | |
| 100 | @a20090515d2008 ekmy0 y0120 ea | |
| 102 | @aCN@b130000 | |
| 102 | @aCN@b110000 | |
| 105 | @ay z 000yy | |
| 200 | 1 | @a数字城市三维地理空间框架原理与方法@f李成名等编著@Fli cheng ming deng bian zhu |
| 210 | @a北京@c科学出版社@d2008.01 | |
| 215 | @a223页@d20cm | |
| 606 | 0 | @a城市规划 |
| 690 | @aTU984@v4 | |
| 701 | 0 | @a李成名@Ali cheng ming@4编著 |
| 801 | 0 | @aCN@c20091101 |
| 905 | @a10447@dTU984@eL1341 | |
| 906 | @d55@n3@r1 | |
| 数字城市三维地理空间框架原理与方法/李成名等编著.-北京:科学出版社,2008.01 |
| 223页;20cm |
| ISBN 978-7-03-020408-0:CNY55.00 |
| ● |
| 相关链接 |
|
|
|
正题名:数字城市三维地理空间框架原理与方法
索取号:TU984/L1341
 
预约/预借
| 序号 | 登录号 | 条形码 | 馆藏地/架位号 | 状态 | 备注 |
| 1 | 892120 | 208921201 | 建筑与城市规划学院资料室/101建筑库 85排2列3层/ [索取号:TU984/L1341] | 在馆 | |
| 2 | 892121 | 208921210 | 建筑与城市规划学院资料室/201建筑库 63排1列5层/ [索取号:TU984/L1341] | 在馆 | |
| 3 | 892122 | 208921229 | 建筑库201/201建筑库 63排1列5层/ [索取号:TU984/L1341] | 在馆 |